| 000 | 00486nam a22001817a 4500 | ||
|---|---|---|---|
| 005 | 20241111133601.0 | ||
| 008 | 241111b |||||||| |||| 00| 0 eng d | ||
| 020 | _a9780619062699 | ||
| 050 |
_aQA76. _bD32 ROB |
||
| 100 | _aRob, Peter | ||
| 245 |
_aData base system _bDesign, implementation and management |
||
| 250 | _a5th | ||
| 260 |
_aCanada _bCourse Technology _cc2002 |
||
| 300 |
_axxv,838p _bill.; |
||
| 500 | _ainclude index | ||
| 700 | _aCoronel, Carlos | ||
| 942 |
_2lcc _cBK _n0 |
||
| 999 |
_c1003 _d1003 |
||